Customer CEO : (Record no. 23964)

MARC details
000 -LEADER
fixed length control field 01882cam a2200193 i 4500
020 ## - INTERNATIONAL STANDARD BOOK NUMBER
ISBN 9781937134372
041 ## - LANGUAGE CODE
Language code of text/sound track or separate title English
082 00 - DEWEY DECIMAL CLASSIFICATION NUMBER
Classification number 658.812
Item number WAL
100 1# - MAIN ENTRY--AUTHOR NAME
Author name Wall, Chuck.
245 10 - TITLE STATEMENT
Title Customer CEO :
Sub Title how to profit from the power of your customers /
Statement of responsibility, etc Chuck Wall.
260 ## - PUBLICATION, DISTRIBUTION, ETC. (IMPRINT)
Place of publication United states:
Name of publisher Routledge,
Year of publication 2013.
300 ## - PHYSICAL DESCRIPTION
Number of Pages xvi, 220 pages :
Other physical details illustrations ;
Dimensions 23 cm
504 ## - BIBLIOGRAPHY, ETC. NOTE
Bibliography, etc Includes bibliographical references and index.
505 0# - FORMATTED CONTENTS NOTE
Formatted contents note Stop, look, and listen -- I am your customer CEO -- The power of me -- The power of value -- The power of the heart -- The power of performance -- The power of simple -- The power of yes -- The power of the platform -- The power of rebellion -- The power of purpose -- The customer thinking solution -- Becoming the customer CEO champion.
520 ## - SUMMARY, ETC.
Summary, etc Most companies still operate as if they control their customers. But, in today's market, it's really the other way around. Customer CEO confronts the new market reality that customers choose which companies to do business with completely on their own terms. This effectively inverts the power, control, and direction of decision-making; to survive in this new landscape, organizations must quickly adapt. Author Chuck Wall explores the nine powers customer possess - including "the power of me," "the power of the heart," and "the power of rebellion" - and how companies can profit by understanding the power of their customers. Based on more than a decade of firsthand experience and over 100,000 customer interviews, Customer CEO provides every size company with a roadmap of fresh ideas and easy to use tools, while exploring three-dozen companies that embrace the power of their customers. By reading this book, every leader can transform their business into a Customer CEO company.<br/>
650 #0 - SUBJECT ADDED ENTRY--TOPICAL TERM
Subject Customer services.
650 #0 - SUBJECT ADDED ENTRY--TOPICAL TERM
Subject Customer relations.
942 ## - ADDED ENTRY ELEMENTS (KOHA)
Source of classification or shelving scheme Dewey Decimal Classification
Koha item type Books
Holdings
Withdrawn status Lost status Source of classification or shelving scheme Damaged status Not for loan Home library Current library Shelving location Date acquired Source of acquisition Full call number Accession Number Price effective from Koha item type
    Dewey Decimal Classification     Institute of Public Enterprise, Library Institute of Public Enterprise, Library S Campus 08/12/2025 Gifted by M.J. Rama Krishna 658.812 WAL 50290 08/12/2025 Books

Maintained and Designed by
2cqr automation private limited, Chennai. All Rights Reserved.

You are Visitor Number

PHP Hits Count